LIBRARY & INFORMATION CENTRE, KCAET, TAVANUR

ONLINE PUBLIC ACCESS CATALOGUE (OPAC)

Principles of engineering geology and geotechnics / (Record no. 2088)

MARC details
000 -LEADER
fixed length control field 00516cam a2200193ua 4500
041 ## - LANGUAGE CODE
Language code of text/sound track or separate title eng
082 ## - DEWEY DECIMAL CLASSIFICATION NUMBER
Classification number 551.0162
Item number KRY/PR
100 ## - MAIN ENTRY--AUTHOR NAME
Personal name Krynine, Dimitri P .
245 ## - TITLE STATEMENT
Title Principles of engineering geology and geotechnics /
250 ## - EDITION STATEMENT
Edition statement 1 /
260 ## - PUBLICATION, DISTRIBUTION, ETC. (IMPRINT)
Place of publication New York :
Name of publisher McGraw Hill Book Company ,
Year of publication 1957.
300 ## - PHYSICAL DESCRIPTION
Number of Pages 730 ; .
700 1# - ADDED ENTRY--PERSONAL NAME
Personal name Judd, William R .
942 ## - ADDED ENTRY ELEMENTS (KOHA)
Koha item type Books
Holdings
Withdrawn status Lost status Damaged status Home library Current library Date acquired Full call number Accession Number Koha item type
Withdrawn     KAUAET KAUAET 07/04/2012 551.0162 KRY/PR 8019 Books
free website counter